00644nam a22002057a 450000500170000001000130001702000220003003500130005203700160006504000120008108200150009310000170010824500610012526000450018627000660023130000320029750000560032965000150038565000380040020170124110154.0 aB-011547 c00.00a0195649516 aB-011547 bCen Lib/Ret aDPLbEN a618.2bPAD aPadubidri, V aPrinciples and practice of obstetrics /cby V. Padubidri aNew DelhibOxford University Pressc1999 aYMCA Library Building, Jai Singh Road bNew Delhie110001 avii,413p. :c24cm(Hb)bill. aIncludes bibliographical references and index  aObstetrics aLabor (Obstetrics)--Complications